00544cam a2200145 a 4500040000800000082002600008245005200034250001200086260016200098300005300260650003000313650002100343700002300364710001100387 cDLC00a615 SIV 1995 C166 Or.00aMedicinal plants of Nepal for ayurvedic drugs / a1st ed. aKathmandu :bHis Majesty's Govt. of Nepal, Ministry of Forests and Soil Conservation, Dept. of Plant Resources, Natural Products Development Division,c1995. a387, A-F, xxvii p. :bill. (some col.) ;c29 cm. 0aMateria medica, Vegetable 0aMedicinal plants1 aRajbhandary, T. K.1 aNepal.